Differentiation between smokers and non-smokers by breath sound analysis /

Bibliographic Details
Main Author: Mesibov, Steven, 1954-
Format: Thesis eBook
Language:English
Published: [Place of publication not identified] : [publisher not identified] ; 1987.
Subjects:
Online Access:Link to OAKTrust copy

MARC

Tag First Indicator Second Indicator Subfields
LEADER 00000cam a2200000 a 4500
001 in00000019355
005 20220103115025.0
007 cr unu a
008 880725s1987 xx a b 00010 eng d
035 |9 AAB4450AM 
035 |a (OCoLC)18266870 
040 |a TXA  |c TXA  |d UtOrBLW 
049 |a TXAZ [Also in] [Archives]  |c 1 [A10994800], 2 [A10994850] 
099 |a 1987  |a Thesis  |a M578 
100 1 |a Mesibov, Steven,  |d 1954- 
245 1 0 |a Differentiation between smokers and non-smokers by breath sound analysis /  |c by Steven Mesibov. 
264 1 |a [Place of publication not identified] :  |b [publisher not identified] ;  |c 1987. 
300 |a viii, 105 leaves :  |b illustrations ;  |c 29 cm. 
336 |a text  |b txt  |2 rdacontent 
337 |a computer  |b c  |2 rdamedia 
338 |a online resource  |b cr  |2 rdacarrier 
500 |a "Major subject: Bioengineering." 
500 |a Typescript (photocopy). 
500 |a Vita. 
502 |b M.S.  |c Texas A&M University  |d 1987. 
504 |a Bibliography: leaves 64-65. 
530 |a Also available online. 
650 0 |a Pulmonary function tests. 
650 0 |a Respiration  |x Measurement  |x Equipment and supplies. 
650 0 |a Tobacco  |x Physiological effect. 
650 4 |a Major bioengineering. 
856 4 1 |u https://hdl.handle.net/1969.1/ETD-TAMU-1987-THESIS-M578  |z Link to OAKTrust copy  |t 0 
999 |a MARS 
999 f f |s a8b4ce7e-e354-3375-b5b8-fb09dc564fe6  |i fd6cda3e-4de9-3345-b838-d4e37c385fc1  |t 0 
952 f f |p noncirc  |a Texas A&M University  |b J.J. Pickle Campus  |c High Density Repository  |s HDR  |d Remote Storage  |t 0  |e 1987 Thesis M578  |h Other scheme  |i computer -- online resource  |m A14839619786 
952 f f |a Texas A&M University  |b College Station  |c Electronic Resources  |s www_evans  |d Available Online  |t 0  |e 1987 Thesis M578  |h Other scheme 
998 f f |a 1987 Thesis M578  |t 0  |l Remote Storage 
998 f f |a 1987 Thesis M578  |t 0  |l Available Online